Leadership for Success [

Bibliographic Details
Format: Book
Published: Hunsville, Texas : Educational Video network , n.d
Subjects:

MARC

LEADER 00000cam a2200000 7i4500
001 0000021954
005 20080628.0
040 |a INS 
090 0 0 |a VCD 156 
245 0 0 |a Leadership for Success [  |h video disc] 
260 |a Hunsville, Texas :   |b Educational Video network ,   |c n.d 
300 |a 1 video disc ( 26 min.) :   |b sd.,col. ;   |c 4 3/4 in. 
500 |a Also available in VHS format: VHS 1072 
520
650 0 0 |a Leadership 
999 |a VCD0000156   |b VIDEO CD   |c Media Collection   |e Default branch